书目信息 |
| 题名: |
英语介词惯用法
|
|
| 作者: | 威瑟斯 , 布罗克曼 著 ;丹峰 编译 | |
| 分册: | ||
| 出版信息: | 北京 北京师范大学出版社 1982 |
|
| 页数: | 155页 | |
| 开本: | 19cm | |
| 丛书名: | 学英语小丛书 | |
| 单 册: | ||
| 中图分类: | H314.2 | |
| 科图分类: | ||
| 主题词: | 英语-介词 , 介词-英语 | |
| 电子资源: | ||
| ISBN: | ||
| 000 | 00835nam2 2200301 45 | |
| 001 | 0182002161 | |
| 005 | 20040507093311.5 | |
| 010 | @dCNY0.80 | |
| 091 | @a9243.12 | |
| 100 | @a19950607d1982 em y0chiy0121 ea | |
| 101 | 2 | @achi@aeng |
| 102 | @aCN@b110000 | |
| 105 | @ay z 000yy | |
| 106 | @ar | |
| 200 | 10 | @a英语介词惯用法@Aying yu jie ci guan yong fa@e续@f(美)威瑟斯,(美)布罗克曼著@g丹峰编译 |
| 210 | @a北京@c北京师范大学出版社@d1982 | |
| 215 | @a155页@d19cm | |
| 225 | 2 | @a学英语小丛书 |
| 410 | 0 | @120010@a学英语小丛书 |
| 606 | @a英语-介词 | |
| 606 | @a介词-英语 | |
| 690 | @aH314.2@v3 | |
| 701 | 1 | @a威瑟斯@Awei se si@4著 |
| 701 | 1 | @a布罗克曼@Abu luo ke man@4著 |
| 702 | 0 | @a丹峰@Adan feng@4编译 |
| 801 | 0 | @aCN@b上海图书馆@c20040507 |
| 801 | 2 | @aCN@bNLC@c20040507 |
| 905 | @f4@b160839-842@dH314.2@e103 | |
| 英语介词惯用法:续/(美)威瑟斯,(美)布罗克曼著/丹峰编译.-北京:北京师范大学出版社,1982 |
| 155页;19cm.-(学英语小丛书) |
| ISBN :CNY0.80 |
| ● |
| 相关链接 |
|
|
|
|
正题名:英语介词惯用法
索取号:H314.2/103
 
预约/预借
| 序号 | 登录号 | 条形码 | 馆藏地/架位号 | 状态 | 备注 |
| 1 | 0160839 | 001369664 | 第四借阅区/ [索取号:H314.2/103] | 在馆 | |
| 2 | 0160840 | 001369691 | 密集书库/ [索取号:H314.2/103] | 在馆 | |
| 3 | 0160841 | 001369708 | 密集书库/ [索取号:H314.2/103] | 在馆 | |
| 4 | 0160842 | 001370322 | 密集书库/ [索取号:H314.2/103] | 在馆 | |
| 5 | 0160843 | 001369655 | 密集书库/ [索取号:H314.2/103] | 在馆 |